Irwin's business law : (Record no. 149090)

MARC details
000 -LEADER
fixed length control field 00732nam a2200241 a 4500
008 - FIXED-LENGTH DATA ELEMENTS--GENERAL INFORMATION
fixed length control field
020 ## - INTERNATIONAL STANDARD BOOK NUMBER
International Standard Book Number 0256091781 (hbk.)
049 ## - LOCAL HOLDINGS (OCLC)
Holding library MAIN
090 ## - LOCALLY ASSIGNED LC-TYPE CALL NUMBER (OCLC); LOCAL CALL NUMBER (RLIN)
Classification number (OCLC) (R) ; Classification number, CALL (RLIN) (NR) KF889 KLA
003 - CONTROL NUMBER IDENTIFIER
control field
005 - DATE AND TIME OF LATEST TRANSACTION
control field 20230123133451.0
040 ## - CATALOGING SOURCE
Transcribing agency NUST
100 ## - MAIN ENTRY--PERSONAL NAME
Personal name Klayman, Elliot I.
245 ## - TITLE STATEMENT
Title Irwin's business law :
Remainder of title concepts, analysis, perspectives /
Statement of responsibility, etc. Elliot I Klayman
260 ## - PUBLICATION, DISTRIBUTION, ETC.
Place of publication, distribution, etc. Burr Ridge, Illinois :
Name of publisher, distributor, etc. Irwin,
Date of publication, distribution, etc. 1994
300 ## - PHYSICAL DESCRIPTION
Extent xxv, 1362 p.
Other physical details ill. ;
Dimensions 26 cm.
440 ## - SERIES STATEMENT/ADDED ENTRY--TITLE
Title Irwin legal studies in business series.
500 ## - GENERAL NOTE
General note Includes index.
650 ## - SUBJECT ADDED ENTRY--TOPICAL TERM
Topical term or geographic name entry element Business law.
740 ## - ADDED ENTRY--UNCONTROLLED RELATED/ANALYTICAL TITLE
Uncontrolled related/analytical title Concepts, analysis, perspectives.
907 ## - LOCAL DATA ELEMENT G, LDG (RLIN)
a .b10091804
b 30-01-07
c 17-11-03
942 ## - ADDED ENTRY ELEMENTS (KOHA)
Koha item type Ordinary Loan Books
Call number prefix KF889 KLA
Holdings
Date last seen Total Checkouts Full call number Barcode Cost, replacement price Price effective from Koha item type Lost status Source of classification or shelving scheme Damaged status Not for loan Collection Withdrawn status Home library Current library Shelving location Date acquired Cost, normal purchase price
01/23/2023 55 KF889 KLA 92003007149 80.00 01/23/2023 BOOKS   LCC     NFIC   MAIN MAIN GEN 01/23/2023 80.00